000
00322nam a22001337a 4500
008
180221b xxu||||| |||| 00| 0 eng d
020
_a
9780803965133
041
_a
eng
080
_a
37
100
_a
49
101
_a
EDU
245
_a
RESARCH ON THE EDUCATION OF OUR NATIONS TEACHERS
_c
DAVID.M.B
942
_2
udc
_c
BK
999
_c
43048
_d
43048